<?xml version="1.0" encoding="UTF-8"?><?xml-stylesheet type="text/xsl" href="static/style.xsl"?><OAI-PMH xmlns="http://www.openarchives.org/OAI/2.0/" xmlns:xsi="http://www.w3.org/2001/XMLSchema-instance" xsi:schemaLocation="http://www.openarchives.org/OAI/2.0/ http://www.openarchives.org/OAI/2.0/OAI-PMH.xsd"><responseDate>2026-04-14T08:07:40Z</responseDate><request verb="GetRecord" identifier="oai:www.recercat.cat:20.500.12327/4279" metadataPrefix="marc">https://recercat.cat/oai/request</request><GetRecord><record><header><identifier>oai:recercat.cat:20.500.12327/4279</identifier><datestamp>2025-10-23T05:28:26Z</datestamp><setSpec>com_2072_4428</setSpec><setSpec>com_2072_4427</setSpec><setSpec>col_2072_487898</setSpec></header><metadata><record xmlns="http://www.loc.gov/MARC21/slim" xmlns:dcterms="http://purl.org/dc/terms/" xmlns:xsi="http://www.w3.org/2001/XMLSchema-instance" xmlns:doc="http://www.lyncode.com/xoai" xsi:schemaLocation="http://www.loc.gov/MARC21/slim http://www.loc.gov/standards/marcxml/schema/MARC21slim.xsd">
   <leader>00925njm 22002777a 4500</leader>
   <datafield ind2=" " ind1=" " tag="042">
      <subfield code="a">dc</subfield>
   </datafield>
   <datafield ind2=" " ind1=" " tag="720">
      <subfield code="a">Iglesias i Castellarnau, Ignasi</subfield>
      <subfield code="e">author</subfield>
   </datafield>
   <datafield ind2=" " ind1=" " tag="260">
      <subfield code="c">2007-11-12T13:18:16Z</subfield>
   </datafield>
   <datafield ind2=" " ind1=" " tag="520">
      <subfield code="a">Cataluña es la primera región productora de manzana de España y dedicaba a su cultivo 14.901
ha en el año 2002 de un total nacional de 44.764 ha. Por otra parte en esta especie se está
asistiendo a un incremento constante de la competencia con fruta procedente de otros países,
principalmente Francia, Italia, Chile, Argentina y Nueva Zelanda que gozan de condiciones
climatológicas mas favorables a la producción de manzana de calidad, especialmente en lo referido
a la coloración de los frutos y su firmeza. En España la producción se ubica principalmente en el
Valle del Ebro, mientras que en Cataluña las principales zonas de producción son Lleida y Girona.
Dichas zonas se caracterizan por veranos cálidos y calurosos con pluviometrías escasas y por
tanto poco favorables a a la coloración óptima de los frutos de variedades bicolores como ‘Mondial
Gala’ o ‘Fuji’. A pesar de ello las principales zonas productoras de España cuentan con la ventaja
de ser las primeras en acceder a los mercados tanto de España como de la UE debido a la mayor
precocidad, siendo este un aspecto de interés en variedades del grupo ‘Gala’, de amplia difusión
en los últimos años. En base a ello se deduce que para hacer frente a la creciente competencia
global la mejora de la calidad es un aspecto clave para garantizar el futuro del sector productor.</subfield>
   </datafield>
   <datafield ind1="8" ind2=" " tag="024">
      <subfield code="a">http://hdl.handle.net/20.500.12327/4279</subfield>
   </datafield>
   <datafield tag="653" ind2=" " ind1=" ">
      <subfield code="a">Pomera -- Varietats</subfield>
   </datafield>
   <datafield tag="653" ind2=" " ind1=" ">
      <subfield code="a">Fructicultura</subfield>
   </datafield>
   <datafield ind2="0" ind1="0" tag="245">
      <subfield code="a">Modificación de las condiciones ambientales para la mejora de la calidad de diferentes variedades de manzana (Malus domestica Borkh.)</subfield>
   </datafield>
</record></metadata></record></GetRecord></OAI-PMH>